| 000 | 00510cam a22001691 4500 | ||
|---|---|---|---|
| 001 | 000001044 | ||
| 005 | 20200929145454.0 | ||
| 008 | 760210s1990 sp 000 j spa | ||
| 040 |
_aDO-SdBNP _bspa _cBNPHU |
||
| 082 |
_a863.6 _bB192c |
||
| 100 | 1 |
_aBallinger, Bill S. _q(Bill Sanborn), _d1912-1980 _93614 |
|
| 245 | 1 | 4 |
_aCazadores de Herederas / _cBill S. Ballinger. |
| 260 |
_aMadrid : _bTiempo, _c[1990]. |
||
| 300 |
_a128 p. ; _c19 cm. |
||
| 650 | 4 |
_aNovela espaƱola _91123 |
|
| 650 | 4 |
_aLiteratura espaƱola _9632 |
|
| 999 |
_c1019 _d1019 |
||